[Event "ESP-chT Rapid"]
[Site "Toledo"]
[Date "2022.09.24"]
[Round "1"]
[White "Pintor Perez, Vicente Luis"]
[Black "Alekseenko, Kirill"]
[Result "1/2-1/2"]
[WhiteElo "2030"]
[BlackElo "2707"]
[PlyCount "76"]
[EventDate "2022.09.24"]
[EventType "team-swiss (rapid)"]
[EventRounds "9"]
[EventCountry "ESP"]
[SourceTitle "CBM 210 Extra"]
[Source "ChessBase"]
[SourceDate "2022.11.30"]
[SourceVersion "1"]
[SourceVersionDate "2022.11.30"]
[SourceQuality "1"]
[WhiteTeam "Los Navalmorales"]
[BlackTeam "Silla 60 Aniversario"]
[WhiteTeamCountry "ESP"]
[BlackTeamCountry "ESP"]

1. e4 c5 2. Nc3 Nc6 3. d3 d6 4. g3 h5 5. h3 e5 6. Bg2 h4 7. g4 g5 8. Nge2 f6 9. Be3 Nge7 10. Qd2 Ng6 11. Nd5 Nf4 12. Bxf4 gxf4 13. f3 Be6 14. 0-0 Bh6 15. Qd1 Rg8 16. Kh2 f5 17. c3 Bxd5 18. exd5 Ne7 19. Qa4+ Kf7 20. Qb3 Kg7 21. Rae1 Kh8 22. d4 e4 23. fxe4 fxg4 24. Nxf4 Ng6 25. Nxg6+ Rxg6 26. Qxb7 gxh3 27. Bxh3 Rb8 28. Qf7 Qg5 29. Rg1 Qf4+ 30. Qxf4 Bxf4+ 31. Kh1 Rxg1+ 32. Kxg1 cxd4 33. cxd4 Rg8+ 34. Kh1 Rg3 35. Bd7 Kg7 36. e5 Re3 37. Rg1+ Rg3 38. Re1 Re3 1/2-1/2